000 00416nam a2200169Ia 4500
008 221030s9999 xx 000 0 und d
020 _a0852267584
041 _aEnglish
082 _a105.23
_bRav
100 _aB. Ravindranath
245 0 _aPower System Protection & Switchgear
260 _bNew Age International Pub.
_aNew Delhi
_c1996
300 _a444
650 _aEE
700 _aM. Chander
942 _cBK
999 _c1449
_d1449